Informační systémy na startovací čáře Basel II

Požiadavky novej kapitálovej dohody Basel II. Návratnosť investícií do Basel II. Priame a nepriame výhody Basel II pre banky. Dôraz na kvalitu informácií a stimulácia ich viditeľnosti a využitia.

Gespeichert in:
Bibliographische Detailangaben
1. Verfasser: Štverka, Igor
Format: Buchkapitel
Sprache:Tschechisch
Schlagworte:
Tags: Tag hinzufügen
Keine Tags, Fügen Sie das erste Tag hinzu!

MARC

LEADER 00000naa a2200000 4500
001 r047372
005 20231004072719.3
041 0 |a cze 
044 |a CZ 
245 1 0 |a Informační systémy na startovací čáře Basel II  |c Igor Štverka 
520 |a Požiadavky novej kapitálovej dohody Basel II. Návratnosť investícií do Basel II. Priame a nepriame výhody Basel II pre banky. Dôraz na kvalitu informácií a stimulácia ich viditeľnosti a využitia. 
610 2 0 |a banky 
610 2 0 |a dohľad bankový 
610 2 0 |a primeranosť kapitálová 
610 2 0 |a systémy informačné 
610 2 0 |a riziko bankové 
610 2 0 |a informácie 
610 2 0 |a zber dát 
610 2 0 |a uchovávanie dát 
610 2 0 |a dohody medzinárodné 
610 2 0 |a Bazilej II 
100 1 |a Štverka, Igor